000 01293nam a2200241Ia 4500
003 Ost
005 20260507075022.0
008 260507s9999||||xx |||||||||||||| ||und||
040 _cfsecg
041 _aara
082 _a330
100 _aملاك، علي الدين
_eمؤلف
245 0 _aالسياسات الخارجية للدول العربية /
_c علي الدين ملاك
250 _aطبعة 2
260 _aالقاهرة:
_bمركز البحوث والدراسات السياسية,
_c2002
300 _a691 صفحة؛
_bإيضاحات ؛
_c24 سم
520 _aالنظام العالمي والسياسات الخارجية العربية- النظام العربي والضغوط والقيود والفرص-السياسات الخارجية الجزائرية من الثورة الى الإنكفاء على الذات- السياسات الخارجية ( العراق، الإردن، ليبيا، فلسطين، السعودية، السودانية، السورية ) السياسات الخارجية للدول العربية وتحديات المستقبل
653 _aالتعاون الدولي
653 _aالسياسة
653 _aالسياسة الخارجية
700 _aقرني، بهجت
_eمؤلف ثانوي
942 _cكتاب
999 _c42286
_d42286